Get the Picture: Disney Villains IV Quiz Stats

 Plays Quiz Updated Nov 4, 2019

Score 0/16 Timer 05:00
9 Plays Today
Question Answer Wrong Answers
Movie
The Jungle Book
Shere Khan
96.9%
Governor Ratcliffe
0.3%
Yzma
0.2%
Shan Yu
0.1%
Evil Plot
Rid the jungle of man by killing Mowgli
Shere Khan
96%
Governor Ratcliffe
0.5%
Yzma
0.3%
Shan Yu
0.3%
Evil Plot
Slaughter the natives and take all the gold in Virginia
Governor Ratcliffe
93%
Shere Khan
0.4%
Yzma
1.2%
Shan Yu
2%
Movie
Pocahontas
Governor Ratcliffe
92.2%
Shere Khan
0.4%
Yzma
1.1%
Shan Yu
3%
Henchmen
Elite Hun Soldiers
Shan Yu
92%
Governor Ratcliffe
3%
Shere Khan
0.3%
Yzma
1%
Movie
Mulan
Shan Yu
91.4%
Governor Ratcliffe
2.3%
Shere Khan
1.1%
Yzma
1.8%
Henchmen
Percy & The Virginia Company
Governor Ratcliffe
91.2%
Shere Khan
0.7%
Yzma
2.4%
Shan Yu
2.1%
Ultimate Fate
Chained and shipped back to England for punishment
Governor Ratcliffe
90.8%
Shere Khan
2.2%
Yzma
1.3%
Shan Yu
2.1%
Henchmen
Kaa
Shere Khan
89.8%
Governor Ratcliffe
1.1%
Yzma
1.4%
Shan Yu
4.8%
Evil Plot
Kill the emperor and seize control of China
Shan Yu
89.5%
Governor Ratcliffe
1.9%
Shere Khan
0.3%
Yzma
4.9%
Movie
The Emperor's New Groove
Yzma
87.9%
Governor Ratcliffe
3.7%
Shere Khan
0.7%
Shan Yu
4.3%
Ultimate Fate
Turned into a cat by a potion
Yzma
85.6%
Governor Ratcliffe
2.1%
Shere Khan
6.9%
Shan Yu
2%
Henchmen
Kronk
Yzma
81.4%
Governor Ratcliffe
5.3%
Shere Khan
1.2%
Shan Yu
8.6%
Evil Plot
Kill Kuzco and usurp his throne
Yzma
80.8%
Governor Ratcliffe
3.8%
Shere Khan
2.2%
Shan Yu
9.6%
Ultimate Fate
Blown up by fireworks
Shan Yu
74.3%
Governor Ratcliffe
8.7%
Shere Khan
2.5%
Yzma
11.2%
Ultimate Fate
Runs off after being tied to a burning stick
Shere Khan
71.7%
Governor Ratcliffe
11%
Yzma
8.1%
Shan Yu
6.2%

Today's Daily Dose

Word Ladder
Lean on Me

Get the Picture
Superhero by Villain

You're not logged in!

Compare scores with friends on all Sporcle quizzes.
OR
Log In

Sporcle TV

Today on Sporcle TV


Watch our educational content, quiz creation guides, and fun videos on Sporcle TV.

Show Comments

Extras

Top Quizzes Today


Score Distribution

Your Account Isn't Verified!

In order to create a playlist on Sporcle, you need to verify the email address you used during registration. Go to your Sporcle Settings to finish the process.

Report this User

Report this user for behavior that violates our Community Guidelines.

Details: